书目信息 |
| 题名: |
人员测评理论与方法
|
|
| 作者: | 萧鸣政 编著 | |
| 分册: | ||
| 出版信息: | 北京 中国劳动出版社 1997.07 |
|
| 页数: | 264页 | |
| 开本: | 32开 | |
| 丛书名: | ||
| 单 册: | ||
| 中图分类: | F243.5 | |
| 科图分类: | ||
| 主题词: | 劳动经济 | |
| 电子资源: | ||
| ISBN: | 7-5045-1711-9 | |
| 000 | 00565nam0 2200193 45 | |
| 001 | 0009281708 | |
| 005 | 20000928172506.0 | |
| 010 | @a7-5045-1711-9@d14.00元 | |
| 100 | @a20000928d1997 km y0chiy0120 ea | |
| 101 | 0 | @achi |
| 105 | @a z 000yy | |
| 200 | 1 | @a人员测评理论与方法@ARen Yuan Ce Ping Li Lun Yu Fang Fa@f萧鸣政编著@FXiao Ming Zheng Bian Zhu |
| 210 | @a北京@c中国劳动出版社@d1997.07 | |
| 215 | @a264页@d32开 | |
| 606 | 0 | @a劳动经济 |
| 690 | @aF243.5@v3 | |
| 701 | 0 | @a萧鸣政@4编著 |
| 801 | @aCN@bPftUser@c20000928 | |
| 905 | @b157968-970@dF243.5@eX970@f3 | |
| 人员测评理论与方法/萧鸣政编著.-北京:中国劳动出版社,1997.07 |
| 264页;32开 |
| ISBN 7-5045-1711-9:14.00元 |
| ● |
| 相关链接 |
|
|
|
正题名:人员测评理论与方法
索取号:F243.5/X970
 
预约/预借
| 序号 | 登录号 | 条形码 | 馆藏地/架位号 | 状态 | 备注 |
| 1 | 157968 | 201579684 | 社科库409/409社科库 79排4列4层/ [索取号:F243.5/X970] | 在馆 | |
| 2 | 157969 | 201579693 | 社科二线422/409社科库 79排4列4层/ [索取号:F243.5/X970] | 在馆 | |
| 3 | 157970 | 201579700 | 社科二线422/409社科库 79排4列4层/ [索取号:F243.5/X970] | 在馆 |